[Event "NOR-ch Class4"]
[Site "Lillehammer"]
[Date "2013.06.29"]
[Round "6"]
[White "Endresen, Ola Torstein"]
[Black "Rosok, Leiv"]
[Result "1-0"]
[WhiteElo "1200"]
[BlackElo "1051"]
[PlyCount "55"]
[EventDate "2013.06.29"]
[EventType "swiss"]
[EventRounds "9"]
[EventCountry "NOR"]
[SourceTitle "EXT 2017"]
[Source "ChessBase"]
[SourceDate "2016.10.25"]
[SourceVersion "1"]
[SourceVersionDate "2016.10.25"]
[SourceQuality "1"]

1. d4 Nf6 2. Nc3 e6 3. Bg5 d5 4. e4 dxe4 5. Nxe4 Be7 6. Bxf6 Bxf6 7. Nf3 0-0 8. c3 Nd7 9. Bd3 b6 10. Qe2 a6 11. Nd6 cxd6 12. Qe4 g6 13. Qxa8 b5 14. Qe4 Re8 15. 0-0 Qc7 16. Qe2 Bb7 17. Be4 d5 18. Bd3 e5 19. dxe5 Nxe5 20. Rfe1 d4 21. Nxe5 Bxe5 22. f4 dxc3 23. fxe5 cxb2 24. Qxb2 Re6 25. Be4 Rxe5 26. Bxb7 Rxe1+ 27. Rxe1 Qxb7 28. Re8# 1-0